Colombia (Registro nro. 6664)
[ vista simple ]
| 000 -CABECERA | |
|---|---|
| Longitud fija campo de control | 02279nam a2200409 i 4500 |
| 005 - • FECHA Y HORA DE LA ÚLTIMA TRANSACCIÓN | |
| Fecha y hora de la última transacción | 20220317001335.0 |
| 008 - • CÓDIGOS DE INFORMACIÓN DE LONGITUD FIJA | |
| Códigos de información de longitud fija | 161108s2011 ck a gs 000 0 spa d |
| 020 ## - • NÚMERO INTERNACIONAL NORMALIZADO PARA LIBROS | |
| Número Internacional Normalizado para Libros (ISBN) | 9799586149029 |
| 020 ## - • NÚMERO INTERNACIONAL NORMALIZADO PARA LIBROS | |
| Número Internacional Normalizado para Libros (ISBN) | 9586149021 |
| 040 ## - FUENTE DE LA CATALOGACIÓN | |
| Centro catalogador de origen | CO-BoRNBP |
| Lengua de catalogación | spa |
| Centro transcriptor | CO-BoRNBP |
| Normas de descripción | rda |
| 041 0# - • CÓDIGO DE LENGUA | |
| Código de lengua del texto/banda sonora o título independiente | spa |
| 082 04 - • NÚMERO DE LA CLASIFICACIÓN DECIMAL DEWEY | |
| Número de clasificación (R) | 320.9861 |
| Número del ítem | I57c |
| 110 1# - • PUNTO DE ACCESO PRINCIPAL-NOMBRE DE ENTIDAD CORPORATIVA | |
| Nombre de entidad corporativa o nombre de jurisdicción como elemento inicial | Universidad Nacional de Colombia |
| Unidad subordinada | Instituto de Estudios Políticos y Relaciones Internacionales |
| 245 10 - • TITULO PROPIAMENTE DICHO | |
| Título | Colombia |
| Resto del título | cambio de siglo, balances y perspectivas |
| -- | Instituto de Estudios Políticos y Relaciones Internacionales ; Universidad Nacional de Colombia ; edición Juan Carlos Rodríguez Raga |
| 250 ## - • MENCIÓN DE EDICIÓN | |
| Mención de edición | Primera edición |
| 264 #1 - PRODUCCIÓN, PUBLICACIÓN , DISTRIBUCIÓN, FABRICACIÓN Y COPYRIGHT | |
| Lugar de producción, publicación, distribución, fabricación | Bogotá |
| Nombre del productor, editor, distribuidor, fabricante | Planeta |
| Fecha de de producción, publicación, distribución, fabricación o copyright | 2011 |
| 300 ## - • DESCRIPCIÓN FÍSICA | |
| Extensión | 309 páginas |
| Otras características físicas | ilustraciones y mapas en blanco y negro |
| Dimensiones | 23 cm |
| 336 ## - TIPO DE CONTENIDO | |
| Término de tipo de contenido | texto |
| Código de tipo de contenido | txt |
| Fuente | rdacontent |
| 337 ## - TIPO DE MEDIO | |
| Nombre del tipo de medio | sin mediación |
| Código del tipo de medio | n |
| Fuente | rdamedia |
| 338 ## - TIPO DE SOPORTE | |
| Nombre del tipo de soporte | volumen |
| Código del tipo de soporte | nc |
| Fuente | rdacarrier |
| 490 ## - • MENCIÓN DE SERIE | |
| Mención de serie | La línea del horizonte |
| 500 ## - • NOTA GENERAL | |
| Nota general | Incluye datos biográficos de los autores |
| 504 ## - • NOTA DE BIBLIOGRAFÍA, ETC | |
| Nota de bibliografía, etc. | Incluye bibliografía |
| 505 1# - • NOTA DE CONTENIDO CON FORMATO | |
| Nota de contenido con formato | Violencia, guerra civil, contrato social -- De la prohibición a la guerra: el narcotráfico colombiano en el siglo XX -- Democracia dubitativa -- La política exterior de Colombia: la estrella polar está de vuelta -- La región y la nación en la sociedad global -- Colombia Siglo XXI -- Sobre las constituciones de Colombia |
| 650 14 - • PUNTO DE ACCESO ADICIONAL DE MATERIA - TÉRMINO DE MATERIA | |
| Término de materia o nombre geográfico como elemento inicial | Problemas sociales |
| Subdivisión de forma | Ensayos |
| Subdivisión geográfica | Colombia |
| Fuente del encabezamiento o término | LEMB |
| 650 14 - • PUNTO DE ACCESO ADICIONAL DE MATERIA - TÉRMINO DE MATERIA | |
| Término de materia o nombre geográfico como elemento inicial | Conflicto armado |
| Subdivisión de forma | Ensayos |
| Subdivisión geográfica | Colombia |
| Fuente del encabezamiento o término | LEMB |
| 650 14 - • PUNTO DE ACCESO ADICIONAL DE MATERIA - TÉRMINO DE MATERIA | |
| Término de materia o nombre geográfico como elemento inicial | Democracia |
| Subdivisión de forma | Ensayos |
| Subdivisión geográfica | Colombia |
| Fuente del encabezamiento o término | LEMB |
| 700 1# - • PUNTO DE ACCESO ADICIONAL - NOMBRE DE PERSONA | |
| Nombre de persona | Universidad Nacional de Colombia (Bogotá). Instituto de Estudios Políticos y Relaciones Internacionales Ramírez Tobón, William López Restrepo, Andrés Gutiérrez Sanín, Francisco Restrepo, Luis Alberto Borja, Miguel Wills Obregón, María Emma Gómez Albarello |
| 740 02 - • PUNTO DE ACCESO ADICIONAL - TÍTULO RELACIONADO O ANALÍTICO NO CONTROLADO | |
| Título relacionado o analítico no controlado | Violencia, guerra civil, contrato social |
| 740 02 - • PUNTO DE ACCESO ADICIONAL - TÍTULO RELACIONADO O ANALÍTICO NO CONTROLADO | |
| Título relacionado o analítico no controlado | De la prohibición a la guerra: el narcotráfico colombiano en el siglo XX |
| 740 02 - • PUNTO DE ACCESO ADICIONAL - TÍTULO RELACIONADO O ANALÍTICO NO CONTROLADO | |
| Título relacionado o analítico no controlado | Democracia dubitativa |
| 740 02 - • PUNTO DE ACCESO ADICIONAL - TÍTULO RELACIONADO O ANALÍTICO NO CONTROLADO | |
| Título relacionado o analítico no controlado | La política exterior de Colombia: la estrella polar está de vuelta |
| 740 02 - • PUNTO DE ACCESO ADICIONAL - TÍTULO RELACIONADO O ANALÍTICO NO CONTROLADO | |
| Título relacionado o analítico no controlado | La región y la nación en la sociedad global |
| 740 02 - • PUNTO DE ACCESO ADICIONAL - TÍTULO RELACIONADO O ANALÍTICO NO CONTROLADO | |
| Título relacionado o analítico no controlado | Colombia Siglo XXI |
| 740 02 - • PUNTO DE ACCESO ADICIONAL - TÍTULO RELACIONADO O ANALÍTICO NO CONTROLADO | |
| Título relacionado o analítico no controlado | Sobre las constituciones de Colombia |
| 942 ## - ENTRADA DE ELEMENTOS AGREGADOS (KOHA) | |
| Fuente de clasificaión o esquema | Dewey Decimal Classification |
| Koha [por defecto] tipo de item | LIbro |
No hay ítems disponibles.